| 000 | 00369nam a2200121Ia 4500 | ||
|---|---|---|---|
| 008 | 151021s9999 xx 000 0 und d | ||
| 050 | _aHC 865 .K47 2013 | ||
| 245 | _aKenya Ministry of Devolution and Planning | ||
| 260 | _aNairobi : Government Printer, 2013 | ||
| 300 | _axvi,118 p. | ||
| 650 | _a_County Vision and Mission | ||
| 980 | _a^d20140317 03:34:20^omwanik | ||
| 999 |
_c14792 _d14792 |
||